000 01392cam a22003614a 4500
001 12356302
003 OSt
005 20260213170905.0
008 010323s2001 enkab b 000 0 eng
010 _a 2001024421
020 _a0830824251
_qpbk. : alk. paper
020 _a9780830824250
_q(pbk. : alk. paper)
035 _a12356302
040 _aDLC
_cDLC
_dDLC
042 _apcc
050 0 0 _aBS1545.53
_b.W75 2001
082 0 0 _a224/.407
_221
100 1 _aWright, Christopher J. H.,
_d1947-
245 1 4 _aThe message of Ezekiel :
_ba new heart and a new spirit /
_cChristopher J.H. Wright.
260 _aLeicester, England ;
_aDowners Grove, Ill. :
_bInterVarsity Press,
_cc2001.
300 _a368 p. :
_bill., map ;
_c21 cm.
336 _atext
_btxt
_2rdacontent
337 _aunmediated
_bn
_2rdamedia
338 _avolume
_bnc
_2rdacarrier
440 4 _aThe Bible speaks today
504 _aIncludes bibliographical references.
630 0 0 _aBible.
_pEzekiel
_vCommentaries.
655 7 _aCommentaries.
_2lcgft
_0https://id.loc.gov/authorities/genreForms/gf2025026014
906 _a7
_bcbc
_corignew
_d1
_eocip
_f20
_gy-gencatlg
942 _2lcc
_cBK
999 _c21247
_d21246